Unterklassige Vereine im DFB-Pokalfinale - Statistiken

Allgemein
  • Dieses Quiz wurde 214 mal gespielt
    88 seit der letzten Aktualisierung
  • Das Durchschnittsergebnis liegt bei 8 aus 14
Antwortstatistiken
Saison Gegner Antwort % Korrekt
24/25 Stuttgart (?) Arminia Bielefeld
99%
23/24 Leverkusen Kaiserslautern
90%
10/11 Schalke MSV Duisburg
81%
64/65 Dortmund Alemannia Aachen
59%
03/04 Bremen Alemannia Aachen
59%
00/01 Schalke Union Berlin
59%
92/93 Leverkusen Hertha BSC 2
58%
91/92 Gladbach* Hannover 96
51%
96/97 Stuttgart Energie Cottbus
50%
93/94 Bremen RW Essen
40%
94/95 Gladbach VfL Wolfsburg
35%
69/70 1.FC Köln* Kickers Offenbach
33%
86/87 Hamburg Stuttgarter Kickers
23%
82/83 1.FC Köln Fortuna Köln
22%
Keine übereinstimmenden Quizze gefunden
Verteilung der Resultate
Anzahl Personen mit jedem Resultat
Perzentil nach korrekt beantworteten Fragen
Ihre Resultats-Entwicklung
Sie haben dieses Quiz seit der letzten Aktualisierung nicht gespielt